000 00674nam a2200193Ia 4500
003 OSt
005 20250714111629.0
008 210210b1995 xxu||||| |||| 00| 0 eng d
040 _cAL
041 _aKannada
082 _aS891.1 GOPR
100 _aGOPALRAV (B).
_9149690
_dಗೋಪಾಲ ರಾವ್ (ಬಿ)
245 _aRaghuvamsha mahakavya: samagra gadyanuvada. sargagalu1-19.
_bರಘುವಂಶ ಮಹಾಕಾವ್ಯ : ಸಮಗ್ರ ಗದ್ಯಾನುವಾದ . ಸರ್ಗಗಳು 1-19
260 _aMaisuru
_bShailashri Sahitya Prakashana
_c1995
300 _a899,117,13
690 _aSanskrit Poetry
_9149691
906 _a050950
942 _2ddc
_cBK
999 _c99427
_d99427